书目信息 |
| 题名: |
农垦区域经济发展
|
|
| 作者: | 陈仲伯 编著 | |
| 分册: | ||
| 出版信息: | 北京 环境科学出版社 2000.07 |
|
| 页数: | 337页 | |
| 开本: | 20cm | |
| 丛书名: | ||
| 单 册: | ||
| 中图分类: | F324 | |
| 科图分类: | ||
| 主题词: | 农业经济--中国 | |
| 电子资源: | ||
| ISBN: | 7-80135-993-3 | |
| 000 | 00605nam0 2200205 45 | |
| 001 | 0359961548 | |
| 005 | 2003100816392144 | |
| 010 | @a7-80135-993-3@dCNY 32.00 | |
| 100 | @a20031008d2000 km y0chiy0120 ea | |
| 101 | 0 | @achi |
| 102 | @aCN@b110000 | |
| 200 | 1 | @a农垦区域经济发展@ANong Ken Qu Yu Jing Ji Fa Zhan@f陈仲伯编著@FChen Zhong Bo Bian Zhu |
| 210 | @a北京@c环境科学出版社@d2000.07 | |
| 215 | @a337页@d20cm | |
| 300 | @a河南省自然科学专著出版基金资助项目 | |
| 606 | 0 | @a农业经济@x中国 |
| 690 | @aF324@v3 | |
| 701 | 0 | @a陈仲伯@AChen Zhong Bo@4编著 |
| 801 | 0 | @aCN@bPFT@c20031008 |
| 905 | @dF324@eC650 | |
| 农垦区域经济发展/陈仲伯编著.-北京:环境科学出版社,2000.07 |
| 337页;20cm |
| 河南省自然科学专著出版基金资助项目 |
| ISBN 7-80135-993-3:CNY 32.00 |
| ● |
| 相关链接 |
|
|
|
正题名:农垦区域经济发展
索取号:F324/C650
 
预约/预借
| 序号 | 登录号 | 条形码 | 馆藏地/架位号 | 状态 | 备注 |
| 1 | 371675 | 203716755 | 社科库409/409社科库 33排4列1层/ [索取号:F324/C650] | 在馆 | |
| 2 | 371676 | 203716764 | 社科库409/409社科库 33排4列1层/ [索取号:F324/C650] | 在馆 |